Postavenie a úlohy genealógie na Slovensku

Bibliographic Details
Main Author: Chalupecký, Ivan, 1932-2020 (Author)
Format: Article
Language:Slovak
PhysicalDescription:Res. angl., lit. 24 zázn. v slov., češ., nem., maď., poľš.
Subjects:

MARC

LEADER 00000nab a2200000 a 4500
001 vtls000259881
003 SK-MaSNL
005 20260426104305.0
008 250422c1986 xo 0 slo
015 |a SNBRB19rr/mm-uuuuu 
035 |a CL0269995 
035 |a urn:nbn:sk:snk-ab7gar 
035 |a (urnnbn)urn:nbn:sk:snk:ar-005qmn 
035 |a (uuid)3f06a0cd-71ae-4ebe-9249-fc6e166d7942 
040 |a SNKBUCL  |b slo  |c SNKBUCL  |e AACR2 
041 0 |a slo 
044 |a xo  |c SK 
080 |a 929.5(437.6)  |2 1981 
100 1 |a Chalupecký, Ivan,  |d 1932-2020  |4 aut  |9 199754 
245 1 0 |a Postavenie a úlohy genealógie na Slovensku  |c Ivan Chalupecký 
300 |b Res. angl., lit. 24 zázn. v slov., češ., nem., maď., poľš. 
650 0 7 |a genealógia  |2 snkbucl  |9 4978 
651 7 |a Slovensko  |2 snkbucl  |9 14231 
655 7 |a články z novín a časopisov  |2 snkbucl  |9 267496 
773 0 |t Slovenská archivistika  |g Roč. 21, č. 1 (1986), s. 118-126 
850 |a Slovenská národná knižnica 
852 |a Slovenská národná knižnica 
954 |a odborná, vedecká literatúra pôvodná (slovenská)  |2 lita 
958 |a article7 
958 |a NB 
958 |a RK 
958 |a OND 
958 |a EUIPO 
992 |a RBX 
999 |c 3312113  |d 3314043